000 01351cam a2200277 4500
001 ABS64012
008 000000n2001 000 0 eng u
035 _a(Sirsi) u112776
100 _aShepherd, P
245 _aKnow your place
260 _c2001
490 _aEstates Gazette
_v(0118) 5 May 2001, 170(1)
520 _aConsiders the service of break notices as examined in "Claire's Accessories UK Ltd v Kensington High Street Associates LLC". The case raised the question of the place at which a notice has to be served, due to a general proviso in Claire's Accessories' lease stating that notice will be sent to the company's registered office. The court concluded that mandatory contractual provisions for service of notices can override the permissive wording of the Law of Property Act 1925 s196. Case law.
590 _aABS
650 _aBREAK CLAUSES
650 _aLITIGATION
650 _aBUSINESS TENANCIES
650 _aLAW OF PROPERTY ACT 1925
650 _aCLAIRE'S ACCESSORIES UK LTD V KENSINGTON HIGH STREET ASSOCIATES LLC
650 _aCAPITAL LAND HOLDINGS LTD V SOS ENVIRONMENT
650 _aYATES BUILDING CO LTD V RJ PULLEYN & SONS (YORK) LTD
650 _aMANNAI INVESTMENT CO LTD V EAGLE STAR LIFE ASSURANCE CO LTD UK
650 _aSERVING NOTICES
690 _aLANDLORD AND TENANT-LEASES
942 _n0
999 _c67147
_d67147